Bairros de Jaboatão dos Guararapes - Statistics

Estatísticas Gerais
  • Esse quiz foi jogado 16 vezes
  • A pontuação média é 13 de 28
Estatísticas das Respostas
Bairros % Correto
Piedade
86%
Barra de Jangada
79%
Candeias
79%
Muribeca
79%
Prazeres
79%
Cajueiro Seco
71%
Cavaleiro
57%
Curado
57%
Santo Aleixo
57%
Centro
50%
Sucupira
50%
Engenho Velho
50%
Marcos Freire
50%
Vila Rica
43%
Jardim Jordão
43%
Zumbi do pacheco
43%
Dois Carneiros
36%
Floriano
29%
Muribequinha
29%
Socorro
29%
Bulhões
21%
Guararapes
21%
Manassu
21%
Rural
21%
Vargem Fria
21%
Vista Alegre
21%
Comportas
14%
Santana
14%
Nenhum quiz correspondente encontrado
Distribuição das Pontuações
Porcentagem de Pessoas com Cada Pontuação
Percentil de Números Respondidos
Sua Pontuação Histórica
Você não jogou esse quiz